Advanced accounting / (Record no. 18650)

000 -LEADER
fixed length control field 00507cam a22001814a 4500
020 ## - INTERNATIONAL STANDARD BOOK NUMBER
ISBN 013066183X
040 ## - CATALOGING SOURCE
Transcribing agency DLC
082 00 - DEWEY DECIMAL CLASSIFICATION NUMBER
Classification number 657 PRE 2003 C149 Or.
245 00 - TITLE STATEMENT
Title Advanced accounting /
250 ## - EDITION STATEMENT
Edition statement 8th ed.
260 ## - PUBLICATION, DISTRIBUTION, ETC. (IMPRINT)
Place of publication Upper Saddle River, N.J. :
Name of publisher Prentice Hall,
Year of publication c2003.
300 ## - PHYSICAL DESCRIPTION
Number of Pages xx, 744 [18] p. ;
Dimensions 29 cm.
500 ## - GENERAL NOTE
General note Rev. ed. of: Advanced accounting / Floyd A. Beams. 7th ed. c2000.
650 #0 - SUBJECT ADDED ENTRY--TOPICAL TERM
Topical Term Accounting.
700 1# - ADDED ENTRY--PERSONAL NAME
Personal name Beams, Floyd A.
700 1# - ADDED ENTRY--PERSONAL NAME
Personal name Beams, Floyd A.
942 ## - ADDED ENTRY ELEMENTS (KOHA)
Koha item type ADB
952 ## - LOCATION AND ITEM INFORMATION (KOHA)
Withdrawn status [LOCAL, KOHA] 0
Holdings
Source of acquisition Permanent Location Date acquired Koha item type Lost status Shelving location Current Location Full call number
A37061Library Block C2019-12-31សៀវភៅភាសាអង់គ្លេស C149Library Block C657 PRE 2003 C149 Or.
មជ្ឈមណ្ឌលឯការនៃសាកលវិទ្យាល័យភូមិន្ទកសិកម្មចំការដូង

Powered by Koha